[Event "Cheliabinsk Region-ch"]
[Site "Cheliabinsk"]
[Date "2008.03.07"]
[Round "7"]
[White "Bolbat, Mikhail"]
[Black "Konovalov, Vladislav"]
[Result "1/2-1/2"]
[WhiteElo "2151"]
[BlackElo "2258"]
[PlyCount "36"]
[EventDate "2008.03.01"]
[EventType "swiss"]
[EventRounds "9"]
[EventCountry "RUS"]
[SourceTitle "CBM 123 Extra"]
[Source "ChessBase"]
[SourceDate "2008.05.06"]
[SourceVersion "1"]
[SourceVersionDate "2008.05.06"]
[SourceQuality "1"]

1. e4 d5 2. exd5 Nf6 3. d4 Nxd5 4. Nf3 g6 5. Bc4 Bg7 6. 0-0 0-0 7. Nc3 Nxc3 8. bxc3 c5 9. Be3 cxd4 10. cxd4 Nc6 11. Rb1 b6 12. a4 Bb7 13. Ba2 Rc8 14. d5 Na5 15. Qd3 Rc3 16. Qe4 e6 17. Rfd1 Qc8 18. Bd2 exd5 1/2-1/2